| 000 | 00434cam a2200181ua 4500 | ||
|---|---|---|---|
| 020 | _c1.00 | ||
| 041 |
_ahin _h |
||
| 082 |
_a891.43 _bRAM/BA |
||
| 100 | _aRamachandra, Pandey . | ||
| 245 |
_aBalopadesh / _cRamachandra Pandey. _hTextual Documents |
||
| 250 |
_a1 / _b. |
||
| 260 |
_aJaipur : _bVarma Pusthak Bhandar , _c1966. |
||
| 300 | _a36 ; . | ||
| 365 | _a1.00 | ||
| 504 | _a | ||
| 942 | _cBK | ||
| 999 |
_c12742 _d12742 |
||